00557nam a2200157 a 4500008004100000020002200041100001800063245010000081260005800181300002400239504005400263650005500317003000100372005001700373040000900390  a0908307721 (pbk.)1 aMlambo, A. S.14aThe economic structural adjustment programme :bthe case of Zimbabwe, 1990-1995 /cA.S. Mlambo. aHarare :bUniversity of Zimbabwe Publications,c1997. axv, 105 p ;c21 cm. aIncludes bibliographical references: p. 101-105. 0aStructural adjustment (Economic policy)zZimbabwe.20230123134355.0 cNUST